La Función pública y sus reformas: el proyecto de Ley de empleo público de Costa Rica /
Na minha lista:
| Autor principal: | |
|---|---|
| Formato: | Texto |
| Assuntos: | |
| Tags: |
Adicionar Tag
Sem tags, seja o primeiro a adicionar uma tag!
|
MARC
| LEADER | 00000 a a2200000 04500 | ||
|---|---|---|---|
| 001 | 14135 | ||
| 003 | |||
| 040 | |||
| 100 | |a Aguilar Fong, Justo | ||
| 245 | |a La Función pública y sus reformas: |b el proyecto de Ley de empleo público de Costa Rica / |c Justo Aguilar Fong | ||
| 650 | |a SECTOR PUBLICO | ||
| 650 | |a MODERNIZACION | ||
| 650 | |a MARCO INSTITUCIONAL | ||
| 650 | |a RECURSOS HUMANOS | ||
| 650 | |a EMPLEADOS PUBLICOS | ||
| 773 | |g número 38 -39; páginas 185-194 | ||
| 999 | |c 22815 |d 22815 | ||
